Normal view
MARC view
- Amrine, Harold T, Ritchey, John A, Moodie, Colin L
Entry Personal Name
001 - CONTROL NUMBER
- control field: 66149
003 - CONTROL NUMBER IDENTIFIER
- control field: NUST
005 - DATE AND TIME OF LATEST TRANSACTION
- control field: 20210628203537.0
008 - FIXED-LENGTH DATA ELEMENTS
- fixed length control field: 210628|| aca||aabn | a|a d
040 ## - CATALOGING SOURCE
- Original cataloging agency: NUST
- Transcribing agency: NUST
100 ## - HEADING--PERSONAL NAME
- Personal name: Amrine, Harold T, Ritchey, John A, Moodie, Colin L
670 ## - SOURCE DATA FOUND
- Source citation: Work cat.: (NUST): Amrine, Harold T, Ritchey, John A, Moodie, Colin L., Manufacturing organization and managment, 2016
